000 00644nam a22002537a 4500
003 LK-CoDNM
005 20250205130934.0
008 250205b |||||||| |||| 00| 0 eng d
040 _aLK-CoDNM
_dLK-CoDNM
_eLK-CoDNM
041 _aenm
080 _a13
_bu1
100 _aParker T. Jeffery, William A. Haswell
245 _aA Text - Book Of Zoology - Volume I
260 _aLondon
_bMacmillan And Co, Limited
_g1910
300 _aix,839p. : ill ; 22 cm
650 _aScience
650 _aZoology
650 _aAnimal Cell
650 _aOrgans
650 _aReproduction
650 _aTissues
650 _aAmoeba
942 _cBK
999 _c237779
_d237779